| 000 | 00000nam##2200000za#4500 |
| 001 | 9.700397 |
| 003 | CaOODSP |
| 005 | 20210625000820 |
| 007 | cr ||||||||||| |
| 008 | 150407|1982||||xxc|||||o f|0| 0 eng|d |
| 040 | |aCaOODSP|beng |
| 043 | |an-cn--- |
| 086 | 1 |aA53-1731/1982E-PDF |
| 110 | 1 |aCanada.|bAgriculture Canada. |bCommunications Branch. |
| 245 | 10|aAcid soils and agricultural liming practice / |h[electronic resource]|cby K. Bruce MacDonald. |
| 260 | |aOttawa - Ontario : |bAgriculture Canada. |cc1982. |
| 300 | |a20p. |
| 500 | |aHistorical publication digitized by Agriculture and Agri-Food Canada. |
| 590 | |a15-03-Supp|b2015-03-13 |
| 690 | 07|aPlant diseases|2gcpds |
| 720 | 1 |aMacDonald, K. Bruce |
| 775 | 08|tLes sols acides et le chaulage en agriculture / |w(CaOODSP)9.644289 |
| 856 | 40|ahttp://publications.gc.ca|qPDF|s1141 KB|uhttps://publications.gc.ca/collections/collection_2015/aac-aafc/A53-1731-1982-eng.pdf |
| 986 | |aPublication 1731/E |